=LDR 00000nam 2200000 4500 =001 INLIS000000000027958 =990 ##$$a 20705790 =990 ##$$a 20705790 =005 20200312112517 =990 ##$$a 21400341/BPAP-NTB/2014 =990 ##$$a 21400341/BPAP-NTB/2014 =035 ##$$a 0010-061300000027958 =990 ##$$a 20705793/Pb- 07 =990 ##$$a 20705793/Pb- 07 =008 200312################g##########0#ind## =041 ##$$a Ind =082 ##$$a 290 =090 ##$$a 290, Gha k =100 ##$$a Ghaffur, Waryono Abdul =245 1#$$a Kristologi islam telaah : $b Telaah krisis kitab Kad al Jamil Karya Al-Ghazali /$c Waryono Abdul Ghafur ; penyunting, Mu'ammar Ramadhan =260 ##$$a Yogyakarta :$b Pustaka Pelajar,$c 2006 =300 ##$$a X, 194 hlm : $b illus ; $c 14 x 21 cm =650 #4$$a Agama Perbandingan =850 ##$$a NBPNMAT =084 ##$$a 290 GHA k =020 ##$$a 979-2458-37-9 =250 ##$$a Cet. 1 =504 ##$$a Bibliografi : hlm. 177 - 191 =520 ##$$a Biografi : hlm. 192 =990 ##$$a 21400341/BPAP-NTB/2014 =990 ##$$a 0001/BPAP-NTB/2016 =990 ##$$a 20705790 =990 ##$$a 20705793/Pb- 07 =990 ##$$a 21400341/BPAP-NTB/2014 =990 ##$$a 20705790 =990 ##$$a 21400341/BPAP-NTB/2014 =990 ##$$a 20705793/Pb- 07 =990 ##$$a 20705790